Policy-making and executive action / (Record no. 15156)
[ view plain ]
| 000 -LEADER | |
|---|---|
| fixed length control field | 00869cam a2200289 i 4500 |
| 001 - CONTROL NUMBER | |
| control field | 15156 |
| 003 - CONTROL NUMBER IDENTIFIER | |
| rucl marc code | BD-RjUL |
| 005 - DATE AND TIME OF LATEST TRANSACTION | |
| control field | 20211208235747.0 |
| 008 - FIXED-LENGTH DATA ELEMENTS--GENERAL INFORMATION | |
| fixed length control field | 140209s1977 nyua b 001 0 eng |
| 020 ## - INTERNATIONAL STANDARD BOOK NUMBER | |
| International Standard Book Number | 007045678X |
| 035 ## - SYSTEM CONTROL NUMBER | |
| System control number | (BD-RjUL)15210 |
| 040 ## - CATALOGING SOURCE | |
| Original cataloging agency | DLC |
| Transcribing agency | DLC |
| Modifying agency | BD-RjUL |
| Language of cataloging | eng |
| 041 ## - LANGUAGE CODE | |
| Language code of text/sound track or separate title | eng |
| 082 00 - DEWEY DECIMAL CLASSIFICATION NUMBER | |
| Classification number | 658.401 |
| Edition number | 19 |
| Author mark and year | MCP 1977 |
| 100 1# - MAIN ENTRY--PERSONAL NAME | |
| Personal name | McNichols, Thomas J. |
| 9 (RLIN) | 46233 |
| 245 10 - TITLE STATEMENT | |
| Title | Policy-making and executive action / |
| Statement of responsibility, etc. | Thomas J. McNichols. |
| 250 ## - EDITION STATEMENT | |
| Edition statement | 5th ed. |
| 260 ## - PUBLICATION, DISTRIBUTION, ETC. (IMPRINT) | |
| Place of publication, distribution, etc. | New York : |
| Name of publisher, distributor, etc. | McGraw-Hill, |
| Date of publication, distribution, etc. | c1977. |
| 300 ## - PHYSICAL DESCRIPTION | |
| Pagination | xv, 928 p. : |
| Illustrations | ill. ; |
| Size | 24 cm. |
| 490 0# - SERIES STATEMENT | |
| Series statement | McGraw-Hill series in management |
| 504 ## - BIBLIOGRAPHY, ETC. NOTE | |
| Bibliography, etc | Includes bibliographical references and index. |
| 650 #0 - SUBJECT ADDED ENTRY--TOPICAL TERM | |
| Topical term or geographic name as entry element | Industrial management. |
| 9 (RLIN) | 47158 |
| Topical term or geographic name as entry element | Industrial management |
| General subdivision | Case studies. |
| 9 (RLIN) | 46234 |
| 942 ## - ADDED ENTRY ELEMENTS (KOHA) | |
| Source of classification or shelving scheme | Dewey Decimal Classification |
| Koha item type | Books |
| Lost status | Source of classification or shelving scheme | Damaged status | Not for loan | Collection code | Permanent Location | Current Location | Shelving location | Date acquired | Source of acquisition | Cost, normal purchase price | Total Checkouts | Full call number | Date last seen | Copy number | Koha item type |
|---|---|---|---|---|---|---|---|---|---|---|---|---|---|---|---|
| Dewey Decimal Classification | Non-fiction | Central Library, University of Rajshahi | Central Library, University of Rajshahi | 26/02/1980 | Heffers and sons | 13.45 | 658.401 MCP 1977 | 09/02/2014 | C-3 | Books | |||||
| Dewey Decimal Classification | Not For Loan | Non-fiction | Central Library, University of Rajshahi | Central Library, University of Rajshahi | Reading Room | 26/02/1980 | Heffers and sons | 13.45 | 658.401 MCP 1977 | 26/12/2016 | C-1 | Books | |||
| Dewey Decimal Classification | Non-fiction | Central Library, University of Rajshahi | Central Library, University of Rajshahi | 17/06/1991 | Heffers and sons | 658.401 MCP 1977 | 23/05/2017 | C-2 | Books | ||||||
| Dewey Decimal Classification | Non-fiction | Central Library, University of Rajshahi | Central Library, University of Rajshahi | 26/02/1980 | Heffers | 13.45 | 658.401 MCP 1977 | 04/05/2019 | C-4 | Books | |||||
| Dewey Decimal Classification | Non-fiction | Central Library, University of Rajshahi | Central Library, University of Rajshahi | 26/02/1980 | Heffers | 13.45 | 658.401 MCP 1977 | 04/05/2019 | C-5 | Books | |||||
| Dewey Decimal Classification | Non-fiction | Central Library, University of Rajshahi | Central Library, University of Rajshahi | 26/02/1980 | Heffers | 13.45 | 658.401 MCP 1977 | 04/05/2019 | C-6 | Books | |||||
| Dewey Decimal Classification | Non-fiction | Central Library, University of Rajshahi | Central Library, University of Rajshahi | 05/08/1970 | 658.401 MCP 1977 | 04/05/2019 | C-7 | Books | |||||||
| Dewey Decimal Classification | Non-fiction | Central Library, University of Rajshahi | Central Library, University of Rajshahi | 26/02/1980 | Heffers | 13.45 | 658.401 MCP 1977 | 04/05/2019 | C-8 | Books | |||||
| Dewey Decimal Classification | Non-fiction | Central Library, University of Rajshahi | Central Library, University of Rajshahi | 05/08/1990 | 658.401 MCP 1977 | 04/05/2019 | C-9 | Books |